000
00342nam a2200133 a 4500
005
20140412111427.0
008
090711s19uu xx 00 eng d
050
_a
ER
_b
Gr75 2002
245
_a
Grandparents are great.
260
_a
U.S.A :
_b
The Clever factory,
_c
2002.
300
_a
1v. unp.
440
_a
Values & lessons
999
_c
106264
_d
106264